Central Library OPAC University of Rajshahi

Functional analysis and semi-groups / (Record no. 69478)

MARC details
000 -LEADER
fixed length control field 00861nam a2200265 a 4500
001 - CONTROL NUMBER
control field 69478
003 - CONTROL NUMBER IDENTIFIER
rucl marc code BD-RjUL
005 - DATE AND TIME OF LATEST TRANSACTION
control field 20211209081908.0
008 - FIXED-LENGTH DATA ELEMENTS--GENERAL INFORMATION
fixed length control field 170412s1957 nyua 001 0 eng d
035 ## - SYSTEM CONTROL NUMBER
System control number (BD-RjUL)69690
040 ## - CATALOGING SOURCE
Original cataloging agency BD-RjUL
Language of cataloging eng
Transcribing agency BD-RjUL
041 ## - LANGUAGE CODE
Language code of text/sound track or separate title eng
082 ## - DEWEY DECIMAL CLASSIFICATION NUMBER
Edition number 23
Classification number 515.7
Author mark and year HIF 1957
100 1# - MAIN ENTRY--PERSONAL NAME
Personal name Hille, Einar,
Dates associated with a name 1894-1979
9 (RLIN) 153566
245 10 - TITLE STATEMENT
Title Functional analysis and semi-groups /
Statement of responsibility, etc. by Einar Hille
250 ## - EDITION STATEMENT
Edition statement rev. ed.
260 ## - PUBLICATION, DISTRIBUTION, ETC. (IMPRINT)
Place of publication, distribution, etc. New York :
Name of publisher, distributor, etc. American Mathematical Society,
Date of publication, distribution, etc. c1957
300 ## - PHYSICAL DESCRIPTION
Pagination xi, 808 p. ;
Size 26 cm.
490 1# - SERIES STATEMENT
Series statement Colloquium publications (American Mathematical Society) ;
Volume/sequential designation vol.31
504 ## - BIBLIOGRAPHY, ETC. NOTE
Bibliography, etc Bibliography: p.507-518
650 #0 - SUBJECT ADDED ENTRY--TOPICAL TERM
Topical term or geographic name as entry element Functional analysis
9 (RLIN) 205805
Topical term or geographic name as entry element Topology
9 (RLIN) 205806
830 #0 - SERIES ADDED ENTRY--UNIFORM TITLE
Uniform title Colloquium publications (American Mathematical Society) ;
Volume number/sequential designation vol.31
942 ## - ADDED ENTRY ELEMENTS (KOHA)
Source of classification or shelving scheme Dewey Decimal Classification
Koha item type Books
Holdings
Lost status Source of classification or shelving scheme Damaged status Not for loan Collection code Permanent Location Current Location Shelving location Date acquired Source of acquisition Cost, normal purchase price Total Checkouts Full call number Date last seen Copy number Koha item type
  Dewey Decimal Classification   Not For Loan Non-fiction Central Library, University of Rajshahi Central Library, University of Rajshahi Reading Room 03/11/1962 Zeitlinger 42.00   515.7 HIF 1957 12/04/2017 C-1 Books